000 00739nam a2200277Ia 4500
001 Para_8970
003 CHAP
008 220125s2004 xx 000 0 und d
010 _a207748
040 _cCHAP
082 _aPA 646.7 K4
100 _aKersey, Cynthia
_9174243
245 _aNada me detendrá /
_c por Cynthia Kersey
260 _aMéxico, D.F. :
_b Selector
300 _a191 p.
440 _aColección superación personal
_9174242
650 _aMotivación (psicología)
_979090
650 _aSuperación personal
_9143097
901 _aPA 646.7 K4
902 _aA
905 _a0000002004 x 0000000000 00
910 _a2004
942 _cPARA
942 _cPARA
_d1
999 _c207748
_d207748